• 首页
  • 本馆介绍
  • 公告通知
  • 最新文献
  • 馆藏检索
  • 电子资源
  • 读者导购
  • 参考咨询
  • 我的图书馆
  • 登录
  • 详细信息显示
  • 放入我的书架
  • 预约/预借图书
  • 作者相关作品
  • 分类相关作品
  • 丛书相关作品
  • 出版社相关作品

书目信息

  • 表格格式
  • 工作单格式
  • 卡片格式
书名: State and local government
作者: Ann O'M. Bowman, Richard C. Kearney.
分册号:
分册名:
出版地: Boston :
 
出版社: Houghton Mifflin
出版时间: c1993.
页数: 529 p. ;
开本: 20cm.
丛书名:
中图分类号:
科图分类号:
其他分类号: D771.232
主题词:
电子资源:
000 00496nam 2200169 a 4500
001 E0753657171
005 20070514150058.76
008 070514s1993 00010 eng
020    @a0-395-63845-3(STUDENT TEXT).
040    @aPFT@beng
090    @aD771.232
099    @dD771.232@ex117
245 1  @aState and local government / @cAnn O'M. Bowman, Richard C. Kearney.
250    @a2nd ed.
260    @aBoston :@bHoughton Mifflin,@cc1993.
260    @aAlameda, CA :@bAlameda, CA.
300    @a529 p. ;@c20cm.
    
    State and local government / / Ann O'M. Bowman, Richard C. Kearney.-2nd ed.-Boston : : Houghton Mifflin, , c1993.-Alameda, CA : : Alameda, CA.
    529 p. ; ; 20cm.
    
    
    ISBN 0-395-63845-3(STUDENT TEXT).
    
●
相关链接 在E读中查询图书 在五车中查询图书 在当当中查询图书 在豆瓣中查询图书


正题名:State and local government     索取号:D771.232/x117         预约/预借

序号 登录号 条形码 馆藏地/架位号 状态 备注
1 8921   300089213   第二样本阅览室/ [索取号:D771.232/x117] 在馆    
2 8922   300089222   第四借阅区/ [索取号:D771.232/x117] 在馆    
唐山师范学院图书馆 欢迎您!
大连网信软件有限公司© 版权所有